Modern art /

Amy Dempsey unravels the all-too-often daunting language of modern art by mapping the styles, schools and movements that help us understand modern and contemporary art, from Impressionism in the 19th century to Destination Art in the 21st. Using a practical and easy-to-navigate structure, Dempsey�...

Full description

Bibliographic Details
Main Author: Dempsey, Amy, 1963- (Author)
Format: Book
Language:English
Published: New York : Thames & Hudson, [2018]
Series:Art essentials.
Subjects:

MARC

Tag First Indicator Second Indicator Subfields
LEADER 00000cam a2200000 i 4500
001 in00004036628
005 20181023092148.0
008 180223t20182018nyua 001 0 eng d
010 |a  2017945426 
020 |a 9780500293225  |q (paperback) 
020 |a 0500293228  |q (paperback) 
035 |a (OCoLC)on1026387505 
040 |a ERASA  |e rda  |c ERASA  |d CDX  |d UAB  |d TXA  |d UtOrBLW 
049 |a TXAM 
082 0 |a 709.04  |2 23 
090 |a N6490  |b .D418 2018 
100 1 |a Dempsey, Amy,  |d 1963-  |e author.  |0 http://id.loc.gov/authorities/names/nb2002054694 
245 1 0 |a Modern art /  |c Amy Dempsey. 
264 1 |a New York :  |b Thames & Hudson,  |c [2018] 
264 4 |c ©2018 
300 |a 175 pages :  |b color illustrations ;  |c 22 cm. 
336 |a text  |b txt  |2 rdacontent 
336 |a still image  |b sti  |2 rdacontent 
337 |a unmediated  |b n  |2 rdamedia 
338 |a volume  |b nc  |2 rdacarrier 
490 1 |a Art essentials 
500 |a Includes index. 
520 |a Amy Dempsey unravels the all-too-often daunting language of modern art by mapping the styles, schools and movements that help us understand modern and contemporary art, from Impressionism in the 19th century to Destination Art in the 21st. Using a practical and easy-to-navigate structure, Dempsey's lucid writing and carefully selected artworks define sixty-eight essential groupings in western modern art. 
650 0 |a Art, Modern.  |0 http://id.loc.gov/authorities/subjects/sh85007793 
650 0 |a Art, Modern  |y 20th century.  |0 http://id.loc.gov/authorities/subjects/sh85007805 
650 0 |a Art, Modern  |y 21st century.  |0 http://id.loc.gov/authorities/subjects/sh2002000548 
830 0 |a Art essentials.  |0 http://id.loc.gov/authorities/names/no2018083931 
945 |a PromptCat 
948 |a cataloged  |b h  |c 2018/6/11  |d c  |e dmitchel  |f 1:20:10 pm 
994 |a C0  |b TXA 
999 f f |s d019c405-5979-3700-a9b0-e17e0e739363  |i d37f37bd-0062-3414-819c-af575ac61158  |t 0 
952 f f |p normal  |a Texas A&M University  |b College Station  |c Sterling C. Evans Library  |d Evans: Library Stacks  |t 0  |e N6490 .D418 2018  |h Library of Congress classification  |i unmediated -- volume  |m A14850483265 
998 f f |a N6490 .D418 2018  |t 0  |l Evans: Library Stacks